000 01218nac a22002651u 4500
010 _a 82004766
020 _a0471104094 :
082 0 0 _a620.13633
_bBAZ
090 _c6529
_d6529
100 _a20080729
245 0 0 _aCreep and shrinkage in concrete structures /
_cedited by Z.P. BazÌŒant and F.H. Wittmann.
260 _aChichester [West Sussex] ;
_aNew York :
_bWiley,1982
_cc1982.
300 _ax, 363 p. :
_bill. ;
_c24 cm.
440 0 _aWiley series in numerical methods in engineering
500 _aRevision of papers presented at the International Symposium on Fundamental Research on Creep and Shrinkage of Concrete, held in Sept, 1980, at the Swiss Federal Institute of Technology in Lausanne, and co-sponsored by Northwestern University and U.S. National Science Foundation.
500 _a"A Wiley-Interscience publication."
500 _adistributer: Al-Ahram
504 _aIncludes bibliographical references and index.
511 _acatalogued by: wessam
650 0 _aConcrete
_xCreep.
650 0 _aConcrete
_xExpansion and contraction.
700 1 _aBazant, Z. P.
700 1 _aWittmann, F. H.
_q(Folker H.)
942 _cBB
_k620.13633BAZ
999 _c6529
_d6529